000 00553cam a22002291 4500
001 sa 65004187
003 DLC
005 20260227112128.0
008 890710s1961 ii 000 0 telo
010 _asa 65004187
035 _a(OCoLC)19987355
040 _aDLC
_cWaU
_dDLC
042 _apremarc
050 0 0 _aPK3791.B3
_bB318
100 0 _aBhāsa,
_csupposed author.
245 1 0 _aBālacaritamu.
260 _c[1961?]
300 _av, 67 p.
_c18 cm.
500 _aIn Telugu.
500 _aA play.
700 1 _aKr̥ṣṇamūrti, Sūrigucci.
999 _c63599
_d63599